Statistics for Best Player on Each NBA Team

Click here to take the quiz!

General Stats

  • This quiz has been taken 491 times
    (432 since last reset)
  • The average score is 21 of 31

Answer Stats

TeamAnswer% Correct
CavaliersLebron James
99%
LakersKobe Bryant
90%
SpursTim Duncan
89%
BullsMichael Jordan
86%
ThunderRussell Westbrook
85%
CelticsLarry Bird
82%
WarriorsWilt Chamberlain
82%
MavericksDirk Nowitzki
80%
HeatDwyane Wade
80%
RocketsHakeem Olajuwon
80%
PelicansAnthony Davis
77%
RaptorsVince Carter
77%
ClippersChris Paul
72%
JazzKarl Malone
72%
TimberwolvesKevin Garnett
71%
SonicsGary Payton
69%
TrailblazersClyde Drexler
67%
NetsJason Kidd
66%
76ersAllen Iverson
65%
PacersReggie Miller
65%
PistonsIsiah Thomas
64%
MagicShaquille O'neal
64%
SunsSteve Nash
63%
GrizzliesMarc Gasol
62%
KnicksCarmelo Anthony
61%
BucksKareem Abdul-Jabbar
60%
HawksDominique Wilkins
57%
NuggetsAlex English
44%
WizardsElvin Hayes
30%
HornetsGlen Rice
22%
KingsOscar Robertson
11%

Score Distribution

Percentile by Number Answered

Percent of People with Each Score

Your Score History

You have not taken this quiz since the last reset